000 00783nam a2200265 a 4500
008
020 _a0132488574 (pbk. )
049 _aMAIN
090 _aTK7878
_bJON
100 1 _aJones, Larry D.
245 1 0 _aElectronic instruments and measurements /
_cLarry D. Jones, A. Foster Chin.
250 _a2nd ed.
260 _aEnglewood Cliffs, NJ :
_bPrentice Hall,
_c1991.
300 _axviii , 580 p. :
_bill. ;
_c23 cm.
500 _aIncludes index.
650 0 _aElectronic instruments.
650 0 _aElectronic measurements.
650 _aMeasuring equipment
700 1 _aChin, A. Foster.
907 _a.b10068132
_b16-04-12
_c17-04-03
003
005 20230123134100.0
040 _cNUST
942 _cBOOKS
_kTK7878
_mJON
999 _c159738
_d159738